| 000 | 00472nam a22001817a 4500 | ||
|---|---|---|---|
| 003 | MPLRDC | ||
| 005 | 20220104145852.0 | ||
| 008 | 210129b ||||| |||| 00| 0 eng d | ||
| 082 | _a520.5 ZLS v.236 | ||
| 100 | _a余德慧总编辑 | ||
| 245 |
_a张老师月刊. 236 _c |
||
| 250 | _a初版 | ||
| 260 |
_a _b张老师出版社 _c1997 |
||
| 300 | _b平 | ||
| 490 | _a张老师月刊. 1997年8月号. 236期 | ||
| 650 | _a教育学总论 | ||
| 942 |
_cBK _o520.5 ZLS v.236 |
||
| 999 |
_c51569 _d51559 |
||